000 01749nam a22002057a 4500
999 _c8798
_d8798
003 GBCCL
005 20241126110658.0
008 211102b ||||| |||| 00| 0 eng d
020 _a9789383002054
020 _a9383002050
040 _cgbc
082 _a266
_bREL
245 _aRe-location of mission and ecumenism in the context of the margins /
_cedited by P. Mohan Larbeer.
260 _aBangalore :
_bBTESSC,
_c2014.
300 _avi, 146 pages ;
_c22 cm
505 _aRe-location of mission and ecumenism in the context of the margins / Atola Longkumer -- Missiography, marginality and God-talk : hermeneutically re-locating Mary's song of liberation / Joseph Samuel -- Inclusive understanding of mission / C.I. David Joy -- Margin -- location of Christian mission / Wati Longchar -- Mission as neighbourliness and community solidarity in the context of the margins : a reflection from Isaiah 58:2-7 / Atula Ao -- The need of the Gospel in a world of corporate greed : a mission reading of Luke 13:6-9 / Raj Bharat Patta -- 2 Kings 5:1-14: go and dip seven times in Jordan / Royce M. Victor -- The fire behind the branding / Philip Vinod Peacock -- Rethinking Image Dei in the context of marginalization / R.C. Jongte -- The Great Commandment and the Great Commission / J. Albert D. Selwyn -- The Samaritan encounter -- Jesus at the well in Samaria : reading afresh John 4 / Arun Kumar Wesley -- Re-telling stories from the margins / Dexter Maben -- Children in the Kingdom of God with-drawing margins / Rohan Gideon -- Re-location of mission and ecumenism in the context of the margins : a Bible study based on Mark 4:35-41 and 6:45-56 / V.J. John.
650 _aMissions.
_9885
650 _aChristian union.
_93990
942 _2ddc
_cBK